<?xml version="1.0" encoding="UTF-8"?>
<collection xmlns:xsi="http://www.w3.org/2001/XMLSchema-instance" xsi:schemaLocation="http://www.loc.gov/MARC21/slim http://www.loc.gov/standards/marcxml/schema/MARC21slim.xsd" xmlns="http://www.loc.gov/MARC21/slim">
 <record>
  <leader>00000ctm a22000004a 4500</leader>
  <controlfield tag="001">UP-8027390931313939676</controlfield>
  <controlfield tag="003">Buklod</controlfield>
  <controlfield tag="005">20150903144129.0</controlfield>
  <controlfield tag="006">m    |o  d |      </controlfield>
  <controlfield tag="007">ta</controlfield>
  <controlfield tag="008">150903s2010    xx     d     r    |||| u|</controlfield>
  <datafield tag="035" ind1=" " ind2=" ">
   <subfield code="a">(iLib)UPVIS-00038635484</subfield>
  </datafield>
  <datafield tag="090" ind1=" " ind2=" ">
   <subfield code="a">LG 995 2010 F5 M34</subfield>
  </datafield>
  <datafield tag="100" ind1="1" ind2=" ">
   <subfield code="a">Magdugo, Rexie P.</subfield>
  </datafield>
  <datafield tag="245" ind1="1" ind2="4">
   <subfield code="a">Sperm count and spermatophore regeneration of the Indian white shrimp Penaeus indicus.</subfield>
   <subfield code="c">by Rexie P. Magdugo.</subfield>
  </datafield>
  <datafield tag="264" ind1=" " ind2="1">
   <subfield code="a">Iloilo City</subfield>
   <subfield code="b">College of Fisheries, University of the Philippines in the Visayas</subfield>
   <subfield code="c">2010</subfield>
  </datafield>
  <datafield tag="300" ind1=" " ind2=" ">
   <subfield code="a">51 leaves</subfield>
  </datafield>
  <datafield tag="500" ind1=" " ind2=" ">
   <subfield code="a">Thesis (M. S. Fisheries - Fisheries Biology) - University of the Philippines in the Visayas,  April 2010.</subfield>
  </datafield>
  <datafield tag="520" ind1="3" ind2=" ">
   <subfield code="a">The study was composed of two phases : 1) determined the time for complete regeneration of sperm ; and 2) compared sperm counts in shrimps fed different diets. In Phase 1, results hsowed that sperm count did not vary significantly with size (body weight or carapace length) of the shrimp or ampoule location (right or left) in the same individual. Sperm counts range from 1.54-15.31x106 sperm cells/spermatophore. Time for regeneration was determined by manual removal of a spermatophore from an individual shrimp and monitored sperm count at the initial and then at 3, 6, 9, 12, and 18 days after extraction. Although sperm cells were present as early as Day 3, sperm count reached initial levels only at Day 18 after extraction. In Phase 2, P. indicus adults were allowed to molt and spermatophores were manually extracted 3 days post-molt. Individual were then fed the different test diets : a) SEAFDEC-formulatedpellets (SFP) ; b) SFP + fresh squid ; c) SFP + fresh annelids ; and d) SFP + fresh squid + fresh annelids. Sperm count was monitored again Day 18. Sperm counts of those fed SFP alone (3.37x106) and SFP + squid (2.41x106) were significantly lower than those fed SFP + squids + annelids (11.16x106); those fed SFP + annelids had sperm count similar to all other treatments. No significant difference (P&gt;0.05) was found in the percentage of live (99.4%) and normal (99%) sperm among the test diets. The significant increase of the sperm count of shrimps fed combination of feeds suggests that the male reproductive performance is affected by the nutritional status of the animal.</subfield>
  </datafield>
  <datafield tag="650" ind1=" " ind2="0">
   <subfield code="a">sperm count.</subfield>
  </datafield>
  <datafield tag="650" ind1=" " ind2="0">
   <subfield code="a">spermatophore.</subfield>
  </datafield>
  <datafield tag="650" ind1=" " ind2="0">
   <subfield code="a">white shrimp.</subfield>
  </datafield>
  <datafield tag="852" ind1="0" ind2=" ">
   <subfield code="a">UPVIS</subfield>
   <subfield code="b">UPV-CFOS</subfield>
   <subfield code="h">LG 995 2010 F5 M34</subfield>
  </datafield>
  <datafield tag="852" ind1="0" ind2=" ">
   <subfield code="a">UPVIS</subfield>
   <subfield code="b">UPV-GL</subfield>
   <subfield code="h">LG 995 2010 F5 M34</subfield>
  </datafield>
  <datafield tag="942" ind1=" " ind2=" ">
   <subfield code="a">Thesis</subfield>
  </datafield>
 </record>
</collection>
